CRUSTACIS - Estadísticas

Estadísticas generales
  • Esta prueba ha sido intentada 73 veces
  • La puntuación promedio es 10 de 11
Estadísticas de respuestas
Hint Respuesta % Correcto
1 Perforatus perforatus
100%
3 Talitrus saltator
100%
2 Chthamalus stellatus
94%
7 Eriphia verrucosa
94%
8 Maja crispata
94%
9 Pachygrapsus marmoratus
94%
4 Palaemon elegans
94%
10 Acanthonyx lunulatus
88%
5 Clibanarius erythropus
88%
11 Percnon gibbesi
88%
6 Portumnus latipes
88%
No se encontraron pruebas coincidentes
Distribución de puntuación
Porcentaje de gente con cada puntuación
Porcentaje por número respondido
Historial de tus puntuaciones
No has intentado esta prueba.